000 00633nam a22002057a 4500
999 _c18277
_d18277
003 AR-CdUCM
008 190513b ||||| |||| 00| 0 spa d
040 _aMUNICIPALIDAD PROVINCIAL DEL CUSCO
_cBIBLIOTECA MUNICIPAL DEL CUSCO
082 _a891.7 /
_bG8
100 _aGrossman, Vasilii Semenovich
_938773
245 _aEl pueblo es inmortal /
260 _aMexico :
_bAstro,
_c1944.
300 _a218 paginas ;
_c20 cm.
505 _aContenido : Novela
650 _a:Novelas históricas rusas
_929349
650 _aOcupación alemana
_938774
650 _a1941-1944.
_938775
942 _2ddc
_cLIBROS
945 _awnts
_d2019-05-13